Guía jurídica sobre agricultura por contrato
Salvato in:
| Enti autori: | , , |
|---|---|
| Natura: | Libro |
| Lingua: | spagnolo |
| Pubblicazione: |
Valparaíso
Ediciones Universitarias de Valparaíso
2017
|
| Edizione: | 1a. ed |
| Soggetti: | |
| Tags: |
Aggiungi Tag
Nessun Tag, puoi essere il primo ad aggiungerne!!
|
MARC
| LEADER | 00000cam a2200000 a 4500 | ||
|---|---|---|---|
| 001 | UCC3689 | ||
| 003 | CL-VaPUC | ||
| 008 | 180531e20170000cl |||||||||||||||||spa|d | ||
| 020 | |a 9789253096916FAO | ||
| 020 | |a 9789561707726PUCV | ||
| 082 | 0 | 4 | |a 346.02 |b INS |2 21 |
| 110 | 2 | |a Instituto Internacional para la Unificación del Derecho Privado. UNIDROIT |e author |9 597769 | |
| 710 | 2 | |a Organización de las Naciones Unidas para la Alimentación y la Agricultura. FAO |e author |9 597770 | |
| 710 | 2 | |a Fondo Internacional de Desarrollo Agrícola. FIDA |e author |9 597771 | |
| 245 | 1 | 0 | |a Guía jurídica sobre agricultura por contrato |
| 250 | |a 1a. ed | ||
| 300 | |a 264 p | ||
| 942 | |c BK | ||
| 945 | |d 20180531 16:15:00 |a arojas | ||
| 260 | |a Valparaíso |b Ediciones Universitarias de Valparaíso |c 2017 | ||
| 650 | 0 | |a Contratos |9 255153 | |
| 650 | 7 | |a COMERCIALIZACION AGRICOLA |2 CL-VaPUC |9 401764 | |
| 650 | 0 | |a Agricultura |9 255598 | |
| 650 | 7 | |a JURIDICCION |2 CL-VaPUC |9 429881 | |
| 583 | |a last modification |c 20180531 16:15:00 |k Rodrigo Vera | ||
| 999 | |c 371381 |d 371379 | ||
| 952 | |0 0 |1 0 |3 erb |4 0 |6 346_020000000000000_INS_2017 |7 0 |8 A |9 488363 |a BIBDER |b BIBDER |i 5473500 |o 346.02 INS 2017 |p 5473500 |r 2023-01-25 |w 2019-11-24 |y BK |z Catalogado en:20180531 |k DER | ||
| 952 | |0 0 |1 0 |3 erb |4 0 |6 346_020000000000000_INS_2017 |7 0 |8 A |9 488364 |a BIBDER |b BIBDER |i 5473519 |l 6 |m 1 |o 346.02 INS 2017 |p 5473519 |r 2023-01-25 |s 2020-11-25 |w 2019-11-24 |y BK |z Catalogado en:20180531 |k DER | ||